| 000 | 01588cam a22003734a 4500 | ||
|---|---|---|---|
| 001 | 12262184 | ||
| 003 | OSt | ||
| 005 | 20240227113805.0 | ||
| 008 | 001219s2001 nyua c 001 0 eng | ||
| 010 | _a 00013058 | ||
| 020 | _a0823031233 | ||
| 020 | _a9780823031238 | ||
| 040 |
_aDLC _cDLC _dDLC |
||
| 042 | _apcc | ||
| 043 | _an-us-dc | ||
| 050 | 0 | 0 |
_aN6512.5.M63 _bM39 2001 |
| 082 | 0 | 0 |
_a709.73074753 _221 _bMCC 2001 |
| 100 | 1 |
_aMcClintic, Miranda. _9121453 |
|
| 245 | 1 | 0 |
_aModernism & abstraction : _btreasures from the Smithsonian American Art Museum / _cMiranda McClintic. |
| 246 | 3 | _aModernism and abstraction | |
| 260 |
_aNew York, NY : _bWatson-Guptill Publications ; _a[Washington, D.C.] : _bSmithsonian American Art Museum, _cc2001. |
||
| 300 |
_a108 p. : _bcol. ill. ; _c24 cm. |
||
| 500 | _aIncludes index. | ||
| 610 | 2 | 0 |
_aSmithsonian American Art Museum _vExhibitions. _9121454 |
| 650 | 0 |
_aModernism (Art) _zUnited States _vExhibitions. _9121455 |
|
| 650 | 0 |
_aArt, Abstract _zUnited States _vExhibitions. _9121456 |
|
| 650 | 0 |
_aArt, American _y20th century _vExhibitions. _9121457 |
|
| 650 | 0 |
_aArt _zWashington (D.C.) _vExhibitions. _9121458 |
|
| 710 | 2 |
_aSmithsonian American Art Museum. _9121459 |
|
| 906 |
_a7 _bcbc _corignew _d1 _eecip _f20 _gy-gencatlg |
||
| 942 |
_2ddc _cBK _aSADA _k709.73074753 MCC 2001 |
||
| 999 |
_c608325 _d608325 |
||